<?xml version="1.0" encoding="UTF-8"?>
<record
    xmlns:xsi="http://www.w3.org/2001/XMLSchema-instance"
    xsi:schemaLocation="http://www.loc.gov/MARC21/slim http://www.loc.gov/standards/marcxml/schema/MARC21slim.xsd"
    xmlns="http://www.loc.gov/MARC21/slim">

  <leader>02323cam a2200325 a 4500</leader>
  <controlfield tag="001">16642572</controlfield>
  <controlfield tag="005">20110930123609.0</controlfield>
  <controlfield tag="008">110208s2011    nyu      b    001 0 eng  </controlfield>
  <datafield tag="020" ind1=" " ind2=" ">
    <subfield code="a">9780805093506 (hbk.)</subfield>
  </datafield>
  <datafield tag="040" ind1=" " ind2=" ">
    <subfield code="a">DLC</subfield>
    <subfield code="c">DLC</subfield>
    <subfield code="d">YDX</subfield>
    <subfield code="d">BTCTA</subfield>
    <subfield code="d">YDXCP</subfield>
    <subfield code="d">UPZ</subfield>
    <subfield code="d">JP3</subfield>
    <subfield code="d">NSB</subfield>
    <subfield code="d">BWX</subfield>
    <subfield code="d">IXA</subfield>
    <subfield code="d">DLC</subfield>
  </datafield>
  <datafield tag="050" ind1="0" ind2="0">
    <subfield code="a">JZ5665</subfield>
    <subfield code="b">.E43 2011</subfield>
  </datafield>
  <datafield tag="082" ind1="0" ind2="0">
    <subfield code="a">327.1747</subfield>
    <subfield code="2">22</subfield>
    <subfield code="b">BAR</subfield>
  </datafield>
  <datafield tag="100" ind1="1" ind2=" ">
    <subfield code="a">El Baradei, Mohamed.</subfield>
    <subfield code="9">29404</subfield>
  </datafield>
  <datafield tag="245" ind1="1" ind2="4">
    <subfield code="a">The Age of Deception :</subfield>
    <subfield code="b">Nuclear Diplomacy in Treacherous Times /</subfield>
    <subfield code="c">Mohamed ElBaradei.</subfield>
  </datafield>
  <datafield tag="246" ind1="3" ind2="0">
    <subfield code="a">Nuclear diplomacy in treacherous times</subfield>
  </datafield>
  <datafield tag="250" ind1=" " ind2=" ">
    <subfield code="a">1st ed.</subfield>
  </datafield>
  <datafield tag="260" ind1=" " ind2=" ">
    <subfield code="a">New York :</subfield>
    <subfield code="b">Metropolitan Books/Henry Holt and Co.,</subfield>
    <subfield code="c">2011.</subfield>
  </datafield>
  <datafield tag="300" ind1=" " ind2=" ">
    <subfield code="a">340 p. ;</subfield>
    <subfield code="c">25 cm.</subfield>
  </datafield>
  <datafield tag="504" ind1=" " ind2=" ">
    <subfield code="a">Includes bibliographical references and index.</subfield>
  </datafield>
  <datafield tag="505" ind1="0" ind2=" ">
    <subfield code="a">Iraq, 1991-1998: unmasking a hidden program -- North Korea, 1992-2002: the case of the missing plutonium -- Iraq, 2002 and after: a needless war -- North Korea, 2003 and after: the nuclear weapons club adds a member -- Iran, 2003-2005: the riddle of Taqqiya -- Libya: discovery and dismantlement -- The nuclear bazaar of A. Q. Khan -- From Vienna to Oslo -- Iran, 2006: "not one centrifuge" -- Double standards -- Iran, 2007-2008: squandered opportunities -- Iran, 2009: in pursuit of a breakthrough -- Conclusion : the quest for human security.</subfield>
  </datafield>
  <datafield tag="520" ind1=" " ind2=" ">
    <subfield code="a">For the first time, the director of the UN's International Atomic Energy Agency and "man in the middle" of the planet's most explosive confrontations speaks out--on his dealings with America, negotiations with Iran, reform and democracy in the Middle East, and the prospects for a future free of nuclear weapons.</subfield>
  </datafield>
  <datafield tag="650" ind1=" " ind2="0">
    <subfield code="a">Nuclear arms control.</subfield>
    <subfield code="9">29405</subfield>
  </datafield>
  <datafield tag="650" ind1=" " ind2="0">
    <subfield code="a">Nuclear arms control</subfield>
    <subfield code="x">Verification.</subfield>
    <subfield code="9">29406</subfield>
  </datafield>
  <datafield tag="650" ind1=" " ind2="0">
    <subfield code="a">Nuclear nonproliferation.</subfield>
    <subfield code="9">29407</subfield>
  </datafield>
  <datafield tag="653" ind1=" " ind2=" ">
    <subfield code="b">Pol</subfield>
    <subfield code="b">General</subfield>
    <subfield code="c">March2012</subfield>
  </datafield>
  <datafield tag="942" ind1=" " ind2=" ">
    <subfield code="2">ddc</subfield>
    <subfield code="c">BB</subfield>
  </datafield>
  <datafield tag="999" ind1=" " ind2=" ">
    <subfield code="c">16589</subfield>
    <subfield code="d">16589</subfield>
  </datafield>
  <datafield tag="952" ind1=" " ind2=" ">
    <subfield code="0">0</subfield>
    <subfield code="1">0</subfield>
    <subfield code="2">ddc</subfield>
    <subfield code="4">0</subfield>
    <subfield code="7">0</subfield>
    <subfield code="8">Baccah</subfield>
    <subfield code="a">MAIN</subfield>
    <subfield code="b">MAIN</subfield>
    <subfield code="c">1ST</subfield>
    <subfield code="d">2012-03-18</subfield>
    <subfield code="e">purchase</subfield>
    <subfield code="l">12</subfield>
    <subfield code="m">60</subfield>
    <subfield code="o">327.1747 BAR</subfield>
    <subfield code="p">000026462</subfield>
    <subfield code="r">2025-07-15 00:00:00</subfield>
    <subfield code="s">2019-11-04</subfield>
    <subfield code="y">BB</subfield>
  </datafield>
  <datafield tag="952" ind1=" " ind2=" ">
    <subfield code="0">0</subfield>
    <subfield code="1">0</subfield>
    <subfield code="2">ddc</subfield>
    <subfield code="4">0</subfield>
    <subfield code="7">0</subfield>
    <subfield code="8">Baccah</subfield>
    <subfield code="a">MAIN</subfield>
    <subfield code="b">MAIN</subfield>
    <subfield code="c">1ST</subfield>
    <subfield code="d">2012-03-18</subfield>
    <subfield code="e">purchase</subfield>
    <subfield code="l">9</subfield>
    <subfield code="m">47</subfield>
    <subfield code="o">327.1747 BAR</subfield>
    <subfield code="p">000026463</subfield>
    <subfield code="r">2025-10-16 00:00:00</subfield>
    <subfield code="s">2025-09-28</subfield>
    <subfield code="y">BB</subfield>
  </datafield>
</record>
